000 00998nam a2200313Ia 4500
001 F0264
003 IT-RoPAU
008 130308s9999 xx 000 0 und d
040 _aIT-RoPAU
040 _cIT-RoPAU
041 _aINGLESE
100 _aAtkinson Paul
100 _gCodice Aut. SPICS: 50095
245 _aAnalysing Documentary Realities
245 _bQualitative Research-Theory, Method And Practice
250 _a1a ed.
260 _aLONDON
260 _bSage Publications Ltd
260 _c1997 [1° Ed.:1997 - Ed.Ling.Originale:1997]
300 _a"18 p. (prefazione: no ; testo: 18 [pagine: 45-62])"
500 _aAnalizzare Realtà della Documentazione. Linguaggio e Forma Dellla Documentazione. Intertestualità dei Documenti. Autorialità e Lettori.
650 _aSOCIOLOGIA DELLA COMUNICAZIONE SOCIALE
650 _eCodice materia Spics: 3806
700 _aCoffey Amanda
700 _gCodice Aut. SPICS: 50096
942 _cBK
957 _71
999 _c80038
_d80038
999 _g1